| 000 | 00390nam a2200157Ia 4500 | ||
|---|---|---|---|
| 008 | 230312s9999||||xx |||||||||||||| ||und|| | ||
| 020 | _a0-19-921167-8 | ||
| 082 |
_a346.4 _bROS-C |
||
| 100 | _aRose;Francis | ||
| 245 | 0 | _aContract,Trot & Restitution 2007-2008 | |
| 260 |
_bOxford _aUK _c2007 |
||
| 300 | _a591 | ||
| 546 | _aEng. | ||
| 650 |
_aLaw _vContract,tort & Restitution |
||
| 942 | _cBK | ||
| 999 |
_c6965 _d6965 |
||